[Event "DEM U18w 2018"]
[Site "Willingen GER"]
[Date "2018.05.22"]
[Round "4"]
[White "Wächter, Nathalie"]
[Black "Arnhold, Steffi"]
[Result "1-0"]
[Termination "normal"]
[Board "4"]
[WhiteElo "1954"]
[BlackElo "1923"]
[WhiteClock "00:06:26"]
[BlackClock "00:03:28"]
[PlyCount "123"]
[WhiteFideId "12921033"]
[BlackFideId "12931365"]
[EventCountry "GER"]
[EventRounds "9"]
[EventType "swiss"]
[EventDate "2018.05.19"]

1. d4 {[%clk 1:30:57]} 1... Nf6 {[%clk 1:30:54]} 2. c4 {[%clk 1:31:07]} 2... e6
{[%clk 1:31:18]} 3. Nc3 {[%clk 1:31:30]} 3... Bb4 {[%clk 1:31:38]} 4. Qc2 {
[%clk 1:31:40]} 4... O-O {[%clk 1:31:37]} 5. Nf3 {[%clk 1:31:40]} 5... d5 {
[%clk 1:30:46]} 6. Bg5 {[%clk 1:30:34]} 6... c5 {[%clk 1:25:20]} 7. a3 { [%clk
1:20:06]} 7... Bxc3+ {[%clk 1:16:44]} 8. bxc3 {[%clk 1:17:32]} 8... cxd4 {[%clk
1:02:38]} 9. cxd4 {[%clk 1:13:44]} 9... Qa5+ {[%clk 0:58:54]} 10. Bd2 { [%clk
1:13:54]} 10... Qc7 {[%clk 0:59:06]} 11. e3 {[%clk 1:08:42]} 11... b6 { [%clk
0:52:33]} 12. Rc1 {[%clk 1:04:07]} 12... Ba6 {[%clk 0:49:29]} 13. cxd5 { [%clk
0:49:14]} 13... Qxc2 {[%clk 0:48:35]} 14. Rxc2 {[%clk 0:49:39]} 14... exd5
{[%clk 0:46:38]} 15. Bxa6 {[%clk 0:49:21]} 15... Nxa6 {[%clk 0:46:56]} 16. Ke2
{[%clk 0:48:55]} 16... Rac8 {[%clk 0:40:56]} 17. Rhc1 {[%clk 0:49:09]} 17...
Rxc2 {[%clk 0:41:05]} 18. Rxc2 {[%clk 0:49:37]} 18... Ne4 {[%clk 0:40:21] } 19.
Ne5 {[%clk 0:48:27]} 19... f6 {[%clk 0:35:24]} 20. Nd3 {[%clk 0:44:11]} 20...
Rd8 {[%clk 0:25:09]} 21. Nb4 {[%clk 0:34:29]} 21... Nxb4 {[%clk 0:22:44]} 22.
Bxb4 {[%clk 0:34:43]} 22... Rd7 {[%clk 0:22:27]} 23. Rc6 {[%clk 0:24:32]} 23...
Kf7 {[%clk 0:19:32]} 24. h4 {[%clk 0:14:17]} 24... g6 {[%clk 0:13:35]} 25. g4
{[%clk 0:12:38]} 25... g5 {[%clk 0:11:07]} 26. f3 {[%clk 0:07:27]} 26... Ng3+
{[%clk 0:11:14]} 27. Kf2 {[%clk 0:07:52]} 27... gxh4 {[%clk 0:11:36]} 28. Bd6
{[%clk 0:07:18]} 28... h5 {[%clk 0:10:31]} 29. Bxg3 {[%clk 0:07:17]} 29...
hxg3+ {[%clk 0:10:57]} 30. Kxg3 {[%clk 0:07:41]} 30... hxg4 {[%clk 0:11:05]}
31. Kxg4 {[%clk 0:07:50]} 31... Kg6 {[%clk 0:10:20]} 32. Kf4 {[%clk 0:07:51]}
32... b5 {[%clk 0:05:20]} 33. Rc5 {[%clk 0:05:27]} 33... Rb7 {[%clk 0:05:00]}
34. Rxd5 {[%clk 0:05:31]} 34... a5 {[%clk 0:05:10]} 35. Rc5 {[%clk 0:05:46]}
35... b4 {[%clk 0:04:56]} 36. axb4 {[%clk 0:06:06]} 36... axb4 {[%clk 0:05:21]}
37. Rc2 {[%clk 0:06:11]} 37... Kf7 {[%clk 0:05:06]} 38. d5 {[%clk 0:05:52]}
38... Ke7 {[%clk 0:04:48]} 39. e4 {[%clk 0:05:40]} 39... b3 {[%clk 0:04:00]}
40. Rb2 {[%clk 0:06:02]} 40... Kd6 {[%clk 0:03:50]} 41. Kf5 {[%clk 0:29:01]}
41... Ke7 {[%clk 0:30:01]} 42. f4 {[%clk 0:15:00]} 42... Rb5 {[%clk 0:22:47]}
43. e5 {[%clk 0:15:03]} 43... Rxd5 {[%clk 0:21:33]} 44. Rxb3 {[%clk 0:15:26]}
44... fxe5 {[%clk 0:20:55]} 45. fxe5 {[%clk 0:15:01]} 45... Rd7 {[%clk 0:16:39]
} 46. Rh3 {[%clk 0:13:09]} 46... Kf8 {[%clk 0:13:10]} 47. Ke6 {[%clk 0:09:44]}
47... Ra7 {[%clk 0:09:46]} 48. Rh8+ {[%clk 0:09:13]} 48... Kg7 {[%clk 0:10:00]}
49. Rd8 {[%clk 0:09:07]} 49... Kg6 {[%clk 0:06:47]} 50. Rg8+ {[%clk 0:08:06]}
50... Kh7 {[%clk 0:07:04]} 51. Rg3 {[%clk 0:07:34]} 51... Ra1 {[%clk 0:06:21]}
52. Kf6 {[%clk 0:06:56]} 52... Rf1+ {[%clk 0:06:30]} 53. Ke7 {[%clk 0:07:18]}
53... Re1 {[%clk 0:05:26]} 54. e6 {[%clk 0:07:42]} 54... Rd1 {[%clk 0:05:47]}
55. Kf7 {[%clk 0:07:35]} 55... Rf1+ {[%clk 0:06:11]} 56. Ke8 {[%clk 0:07:58]}
56... Re1 {[%clk 0:06:15]} 57. e7 {[%clk 0:07:09]} 57... Rd1 {[%clk 0:06:15]}
58. Rg4 {[%clk 0:05:37]} 58... Rd2 {[%clk 0:02:57]} 59. Kf7 {[%clk 0:05:44]}
59... Rf2+ {[%clk 0:03:14]} 60. Ke6 {[%clk 0:06:00]} 60... Re2+ {[%clk 0:03:25]
} 61. Kf6 {[%clk 0:06:10]} 61... Rf2+ {[%clk 0:03:28]} 62. Ke5 {[%clk 0:06:26]}
1-0

[Event "DEM U18w 2018"]
[Site "Willingen GER"]
[Date "2018.05.22"]
[Round "4"]
[White "Ley, Sabrina"]
[Black "Leser, Katrin"]
[Result "1/2-1/2"]
[Termination "normal"]
[Board "5"]
[WhiteElo "1882"]
[BlackElo "1862"]
[WhiteClock "00:04:11"]
[BlackClock "00:09:38"]
[PlyCount "110"]
[WhiteFideId "12938130"]
[BlackFideId "12997692"]
[EventCountry "GER"]
[EventRounds "9"]
[EventType "swiss"]
[EventDate "2018.05.19"]

1. d4 {[%clk 1:30:58]} 1... Nf6 {[%clk 1:30:55]} 2. c4 {[%clk 1:31:23]} 2... e6
{[%clk 1:31:22]} 3. Nf3 {[%clk 1:31:46]} 3... d5 {[%clk 1:31:29]} 4. cxd5 {
[%clk 1:31:28]} 4... exd5 {[%clk 1:31:33]} 5. Bg5 {[%clk 1:31:14]} 5... Be7 {
[%clk 1:31:40]} 6. Nc3 {[%clk 1:30:29]} 6... c6 {[%clk 1:31:49]} 7. Qc2 { [%clk
1:29:05]} 7... Nbd7 {[%clk 1:21:38]} 8. e3 {[%clk 1:19:12]} 8... Nh5 { [%clk
1:21:01]} 9. Bxe7 {[%clk 1:18:09]} 9... Qxe7 {[%clk 1:21:23]} 10. Be2 { [%clk
1:10:59]} 10... g6 {[%clk 1:17:54]} 11. O-O-O {[%clk 1:01:33]} 11... Nb6 {[%clk
1:13:28]} 12. Bd3 {[%clk 0:53:10]} 12... Be6 {[%clk 1:00:38]} 13. Ne5 { [%clk
0:38:04]} 13... O-O-O {[%clk 0:55:47]} 14. Kb1 {[%clk 0:34:04]} 14... Kb8
{[%clk 0:54:33]} 15. Qb3 {[%clk 0:23:10]} 15... f6 {[%clk 0:49:54]} 16. Nf3 {
[%clk 0:23:04]} 16... Ng7 {[%clk 0:48:31]} 17. Na4 {[%clk 0:18:23]} 17... Nxa4
{[%clk 0:48:01]} 18. Qxa4 {[%clk 0:18:51]} 18... Bf5 {[%clk 0:45:32]} 19. Ka1 {
[%clk 0:17:14]} 19... Bxd3 {[%clk 0:32:56]} 20. Rxd3 {[%clk 0:17:38]} 20... Rc8
{[%clk 0:31:31]} 21. Ra3 {[%clk 0:14:10]} 21... a6 {[%clk 0:28:12]} 22. Rb3 {
[%clk 0:13:49]} 22... Ka7 {[%clk 0:21:13]} 23. Rc1 {[%clk 0:11:11]} 23... Nf5 {
[%clk 0:20:41]} 24. Qa5 {[%clk 0:07:34]} 24... Rc7 {[%clk 0:18:35]} 25. Qb6+ {
[%clk 0:06:43]} 25... Ka8 {[%clk 0:18:54]} 26. Rbc3 {[%clk 0:03:11]} 26... Nd6
{[%clk 0:18:00]} 27. Nd2 {[%clk 0:02:45]} 27... g5 {[%clk 0:16:26]} 28. Rc5
Rhc8 29. Qb3 Ne4 30. Nxe4 Qxe4 31. f3 Qh4 32. h3 f5 33. Qd3 Qg3 34. R1c2 Kb8
35. a3 Rf8 36. Qb3 Rf6 37. Ka2 g4 38. hxg4 fxg4 39. e4 dxe4 40. fxe4 Qxb3+ 41.
Kxb3 Rf4 42. Re5 {[%clk 0:26:10]} 42... h5 {[%clk 0:20:07]} 43. Re2 { [%clk
0:16:43]} 43... h4 {[%clk 0:16:57]} 44. Rh5 {[%clk 0:11:06]} 44... Re7 { [%clk
0:16:50]} 45. Rxh4 {[%clk 0:09:48]} 45... Rexe4 {[%clk 0:16:21]} 46. Rxe4
{[%clk 0:10:12]} 46... Rxe4 {[%clk 0:16:47]} 47. Kc4 {[%clk 0:06:56]} 47... Re2
{[%clk 0:14:54]} 48. Rxg4 {[%clk 0:07:22]} 48... Rxb2 {[%clk 0:15:17]} 49. Rg7
{[%clk 0:07:12]} 49... Ra2 {[%clk 0:12:56]} 50. Kb4 {[%clk 0:05:49]} 50... Ka7
{[%clk 0:10:56]} 51. g4 {[%clk 0:05:38]} 51... Kb6 {[%clk 0:10:40]} 52. g5 {
[%clk 0:04:56]} 52... Rd2 {[%clk 0:09:54]} 53. Kc3 {[%clk 0:04:23]} 53... Ra2 {
[%clk 0:09:51]} 54. Kb3 {[%clk 0:04:34]} 54... Rd2 {[%clk 0:09:31]} 55. Kc3 {
[%clk 0:04:11]} 55... Ra2 {[%clk 0:09:38]} 1/2-1/2

[Event "DEM U18w 2018"]
[Site "Willingen GER"]
[Date "2018.05.22"]
[Round "4"]
[White "Diener, Carolin Valeria"]
[Black "Riegel, Arinna"]
[Result "1/2-1/2"]
[Termination "normal"]
[Board "6"]
[WhiteElo "1957"]
[BlackElo "1906"]
[WhiteClock "00:01:32"]
[BlackClock "00:06:25"]
[PlyCount "62"]
[WhiteFideId "24699063"]
[BlackFideId "12931446"]
[EventCountry "GER"]
[EventRounds "9"]
[EventType "swiss"]
[EventDate "2018.05.19"]

1. e4 c5 2. Nf3 a6 3. c3 {[%clk 1:31:32]} 3... Nc6 {[%clk 1:30:56]} 4. d4 {
[%clk 1:31:25]} 4... cxd4 {[%clk 1:29:10]} 5. cxd4 {[%clk 1:31:10]} 5... d5 {
[%clk 1:28:06]} 6. exd5 {[%clk 1:21:56]} 6... Qxd5 {[%clk 1:28:00]} 7. Nc3 {
[%clk 1:19:50]} 7... Qd8 {[%clk 1:20:30]} 8. d5 {[%clk 1:07:46]} 8... Nb8 {
[%clk 1:14:02]} 9. a4 {[%clk 0:52:38]} 9... g6 {[%clk 1:04:22]} 10. Bc4 { [%clk
0:46:31]} 10... Bg7 {[%clk 1:02:05]} 11. O-O {[%clk 0:39:23]} 11... Nf6 { [%clk
1:01:58]} 12. Bf4 {[%clk 0:34:44]} 12... Nh5 {[%clk 0:56:46]} 13. Be3 { [%clk
0:31:52]} 13... Nd7 {[%clk 0:53:19]} 14. Bd4 {[%clk 0:19:59]} 14... O-O { [%clk
0:48:32]} 15. a5 {[%clk 0:17:03]} 15... b5 {[%clk 0:43:47]} 16. axb6 { [%clk
0:16:00]} 16... Nxb6 {[%clk 0:37:58]} 17. Bxg7 {[%clk 0:15:02]} 17... Kxg7
{[%clk 0:35:12]} 18. b3 {[%clk 0:15:01]} 18... Bb7 {[%clk 0:33:27]} 19. Qd3
{[%clk 0:13:39]} 19... Nf6 {[%clk 0:26:00]} 20. Bxa6 {[%clk 0:10:06]} 20...
Bxa6 {[%clk 0:23:56]} 21. Rxa6 {[%clk 0:10:26]} 21... Rxa6 {[%clk 0:24:25]} 22.
Qxa6 {[%clk 0:10:50]} 22... Nbxd5 {[%clk 0:23:39]} 23. Nxd5 {[%clk 0:09:25]}
23... Qxd5 {[%clk 0:23:58]} 24. Rb1 {[%clk 0:06:00]} 24... Rb8 {[%clk 0:21:11]}
25. Qa3 {[%clk 0:05:51]} 25... Qd3 {[%clk 0:20:11]} 26. Qb2 {[%clk 0:05:28]}
26... Rb4 {[%clk 0:14:37]} 27. Ne5 {[%clk 0:04:56]} 27... Qb5 {[%clk 0:13:12]}
28. Nc4 {[%clk 0:02:47]} 28... Kg8 {[%clk 0:11:34]} 29. h3 {[%clk 0:02:55]}
29... Nd5 {[%clk 0:07:05]} 30. Ra1 {[%clk 0:01:55]} 30... Nf6 {[%clk 0:06:41]}
31. Rb1 {[%clk 0:01:32]} 31... Nd5 {[%clk 0:06:25]} 1/2-1/2

[Event "DEM U18w 2018"]
[Site "Willingen GER"]
[Date "2018.05.22"]
[Round "4"]
[White "Kolb, Verena"]
[Black "Browning, Rebecca"]
[Result "1/2-1/2"]
[Termination "normal"]
[Board "7"]
[WhiteElo "1665"]
[BlackElo "1925"]
[WhiteClock "00:02:30"]
[BlackClock "01:05:57"]
[PlyCount "113"]
[WhiteFideId "12992313"]
[BlackFideId "12984027"]
[EventCountry "GER"]
[EventRounds "9"]
[EventType "swiss"]
[EventDate "2018.05.19"]

1. e4 {[%clk 1:30:59]} 1... e6 {[%clk 1:30:57]} 2. d4 {[%clk 1:31:25]} 2... d5
{[%clk 1:31:25]} 3. exd5 {[%clk 1:31:51]} 3... exd5 {[%clk 1:31:52]} 4. Bd3 {
[%clk 1:32:17]} 4... c5 {[%clk 1:32:19]} 5. dxc5 {[%clk 1:32:14]} 5... Bxc5 {
[%clk 1:32:39]} 6. Qe2+ {[%clk 1:30:19]} 6... Qe7 {[%clk 1:32:26]} 7. Nc3 {
[%clk 1:28:49]} 7... Qxe2+ {[%clk 1:28:40]} 8. Ngxe2 {[%clk 1:29:06]} 8... Nf6
{[%clk 1:28:39]} 9. Nb5 {[%clk 1:23:38]} 9... Na6 {[%clk 1:27:36]} 10. Bf4 {
[%clk 1:17:29]} 10... O-O {[%clk 1:27:17]} 11. Bd6 {[%clk 1:05:13]} 11... Bxd6
{[%clk 1:27:16]} 12. Nxd6 {[%clk 1:05:39]} 12... Nb4 {[%clk 1:27:38]} 13. Nf4 {
[%clk 1:00:22]} 13... Nxd3+ {[%clk 1:27:34]} 14. Nxd3 {[%clk 1:00:40]} 14...
Rd8 {[%clk 1:27:48]} 15. Nxc8 {[%clk 1:00:10]} 15... Re8+ {[%clk 1:28:04]} 16.
Kd1 {[%clk 1:00:02]} 16... Raxc8 {[%clk 1:28:26]} 17. f3 {[%clk 0:59:49]} 17...
Kf8 {[%clk 1:28:11]} 18. Kd2 {[%clk 0:59:28]} 18... d4 {[%clk 1:27:04]} 19.
Rhe1 {[%clk 0:56:45]} 19... Nd5 {[%clk 1:25:17]} 20. Rxe8+ {[%clk 0:54:25]}
20... Rxe8 {[%clk 1:25:37]} 21. Re1 {[%clk 0:54:41]} 21... Ne3 {[%clk 1:25:33]}
22. g3 {[%clk 0:51:29]} 22... Rc8 {[%clk 1:23:42]} 23. c3 {[%clk 0:40:35]}
23... Nc4+ {[%clk 1:23:57]} 24. Kc2 {[%clk 0:39:27]} 24... dxc3 {[%clk 1:23:39]
} 25. bxc3 {[%clk 0:39:37]} 25... Na3+ {[%clk 1:24:00]} 26. Kb3 {[%clk 0:38:05]
} 26... Nb5 {[%clk 1:24:14]} 27. Rc1 {[%clk 0:37:55]} 27... b6 {[%clk 1:22:37]}
28. a4 {[%clk 0:36:05]} 28... Nd6 {[%clk 1:22:45]} 29. Ne5 {[%clk 0:31:38]}
29... f6 {[%clk 1:21:54]} 30. Rd1 {[%clk 0:30:24]} 30... Ke7 {[%clk 1:20:25]}
31. Nd3 {[%clk 0:24:49]} 31... Nc4 {[%clk 1:18:28]} 32. Nb4 {[%clk 0:23:15]}
32... Na5+ {[%clk 1:18:12]} 33. Kb2 {[%clk 0:20:34]} 33... Nb7 {[%clk 1:14:00]}
34. Nd5+ {[%clk 0:15:42]} 34... Kf7 {[%clk 1:14:14]} 35. Re1 {[%clk 0:15:04]}
35... Re8 {[%clk 1:14:24]} 36. Rxe8 {[%clk 0:14:58]} 36... Kxe8 {[%clk 1:14:52]
} 37. Kb3 {[%clk 0:10:00]} 37... Kd7 {[%clk 1:12:36]} 38. Kb4 {[%clk 0:08:56]}
38... Kd6 {[%clk 1:10:17]} 39. c4 {[%clk 0:06:00]} 39... Na5 {[%clk 0:55:18]}
40. h4 {[%clk 0:01:03]} 40... Kc6 {[%clk 0:53:47]} 41. Ne7+ {[%clk 0:00:50]}
41... Kb7 {[%clk 0:52:55]} 42. Nf5 {[%clk 0:25:12]} 42... Nc6+ {[%clk 1:23:17]}
43. Kc3 {[%clk 0:23:35]} 43... g6 {[%clk 1:22:28]} 44. Nd6+ {[%clk 0:23:34]}
44... Ka6 {[%clk 1:22:36]} 45. Ne4 {[%clk 0:15:07]} 45... f5 {[%clk 1:20:09]}
46. Ng5 {[%clk 0:13:20]} 46... h6 {[%clk 1:19:59]} 47. Nf7 {[%clk 0:13:16]}
47... h5 {[%clk 1:19:52]} 48. f4 {[%clk 0:12:22]} 48... Ka5 {[%clk 1:19:02]}
49. Ne5 {[%clk 0:12:09]} 49... Ne7 {[%clk 1:18:56]} 50. Kb3 {[%clk 0:12:24]}
50... Ka6 {[%clk 1:11:40]} 51. Kb4 {[%clk 0:11:49]} 51... Kb7 {[%clk 1:11:46]}
52. c5 {[%clk 0:06:06]} 52... Nd5+ {[%clk 1:05:21]} 53. Kc4 {[%clk 0:04:02]}
53... Ne3+ {[%clk 1:05:41]} 54. Kd4 {[%clk 0:03:26]} 54... Nf1 {[%clk 1:05:57]}
55. Nxg6 {[%clk 0:03:15]} 55... bxc5+ {[%clk 1:05:31]} 56. Kxc5 {[%clk 0:03:35]
} 56... Nxg3 {[%clk 1:05:57]} 57. Ne7 {[%clk 0:02:30]} 1/2-1/2

[Event "DEM U18w 2018"]
[Site "Willingen GER"]
[Date "2018.05.22"]
[Round "4"]
[White "Reinecke, Katharina"]
[Black "Halas, Julia"]
[Result "0-1"]
[Termination "normal"]
[Board "8"]
[WhiteElo "1905"]
[BlackElo "1979"]
[WhiteClock "00:24:24"]
[BlackClock "00:20:34"]
[PlyCount "92"]
[WhiteFideId "12929727"]
[BlackFideId "12931810"]
[EventCountry "GER"]
[EventRounds "9"]
[EventType "swiss"]
[EventDate "2018.05.19"]

1. d4 {[%clk 1:30:58]} 1... Nf6 {[%clk 1:30:54]} 2. c4 {[%clk 1:31:23]} 2... g6
{[%clk 1:31:20]} 3. Nc3 {[%clk 1:31:48]} 3... Bg7 {[%clk 1:31:44]} 4. e4 {
[%clk 1:32:13]} 4... d6 {[%clk 1:32:08]} 5. Be2 {[%clk 1:32:35]} 5... O-O {
[%clk 1:32:26]} 6. Be3 {[%clk 1:32:54]} 6... e5 {[%clk 1:24:49]} 7. d5 { [%clk
1:33:00]} 7... Nfd7 {[%clk 1:13:58]} 8. g4 {[%clk 1:30:46]} 8... f5 { [%clk
1:07:50]} 9. gxf5 {[%clk 1:24:11]} 9... gxf5 {[%clk 1:08:14]} 10. exf5 { [%clk
1:16:52]} 10... Nf6 {[%clk 1:07:25]} 11. Qc2 {[%clk 1:08:51]} 11... e4 { [%clk
1:05:19]} 12. Nh3 {[%clk 1:04:25]} 12... Bxf5 {[%clk 1:03:05]} 13. Nf4 { [%clk
0:57:54]} 13... Qe7 {[%clk 0:42:08]} 14. Rg1 {[%clk 0:53:30]} 14... Nbd7 {[%clk
0:41:53]} 15. O-O-O {[%clk 0:48:10]} 15... a6 {[%clk 0:40:29]} 16. h4 { [%clk
0:46:12]} 16... Kh8 {[%clk 0:32:11]} 17. Rg3 {[%clk 0:40:03]} 17... Ne5 { [%clk
0:28:42]} 18. Rdg1 {[%clk 0:35:18]} 18... Rg8 {[%clk 0:28:29]} 19. Rg5 { [%clk
0:30:50]} 19... Bh6 {[%clk 0:27:58]} 20. Rxg8+ {[%clk 0:27:27]} 20... Rxg8
{[%clk 0:27:54]} 21. Rxg8+ {[%clk 0:25:53]} 21... Nxg8 {[%clk 0:25:33]} 22. Ne6
{[%clk 0:15:29]} 22... Qxh4 {[%clk 0:19:55]} 23. Nxc7 {[%clk 0:14:25]} 23...
Qxf2 {[%clk 0:19:59]} 24. Bxh6 {[%clk 0:13:28]} 24... Nxh6 { [%clk 0:20:20]}
25. Ne8 {[%clk 0:05:26]} 25... Qf4+ {[%clk 0:16:07]} 26. Qd2 { [%clk 0:04:20]}
26... e3 {[%clk 0:15:09]} 27. Qe1 {[%clk 0:02:12]} 27... Nxc4 { [%clk 0:12:39]}
28. b3 {[%clk 0:01:27]} 28... Nb6 {[%clk 0:10:03]} 29. Nc7 { [%clk 0:00:37]}
29... Qe5 {[%clk 0:05:01]} 30. Kb2 {[%clk 0:00:56]} 30... Qe7 { [%clk 0:04:54]}
31. Qh1 {[%clk 0:00:37]} 31... Nf7 {[%clk 0:03:10]} 32. Qf3 { [%clk 0:00:35]}
32... Qe5 {[%clk 0:02:15]} 33. Qh5 {[%clk 0:00:35]} 33... Bg6 { [%clk 0:02:09]}
34. Qf3 {[%clk 0:00:37]} 34... Nd7 {[%clk 0:00:55]} 35. Ne6 { [%clk 0:00:47]}
35... Nf6 {[%clk 0:01:09]} 36. Qh1 {[%clk 0:00:34]} 36... Ne4 { [%clk 0:01:22]}
37. Qc1 {[%clk 0:00:43]} 37... Nxc3 {[%clk 0:01:07]} 38. Qxc3 { [%clk 0:01:06]}
38... Be4 {[%clk 0:00:48]} 39. Qxe5+ {[%clk 0:00:40]} 39... Nxe5 {[%clk
0:01:14]} 40. Nf4 {[%clk 0:00:10]} 40... Ng6 {[%clk 0:01:10]} 41. Nh5 {[%clk
0:26:27]} 41... Ne7 {[%clk 0:22:02]} 42. Nf6 {[%clk 0:25:10]} 42... Bxd5 {[%clk
0:20:57]} 43. Nxd5 {[%clk 0:24:21]} 43... Nxd5 {[%clk 0:21:23]} 44. Bf3 {[%clk
0:23:58]} 44... Nf4 {[%clk 0:21:47]} 45. Kc2 {[%clk 0:24:00]} 45... e2 {[%clk
0:21:49]} 46. Kd2 {[%clk 0:24:24]} 46... b6 {[%clk 0:20:34]} 0-1

[Event "DEM U18w 2018"]
[Site "Willingen GER"]
[Date "2018.05.22"]
[Round "4"]
[White "Möller, Hannah"]
[Black "Kail, Sindy"]
[Result "1-0"]
[Termination "normal"]
[Board "9"]
[WhiteElo "1807"]
[BlackElo "1819"]
[WhiteClock "01:00:46"]
[BlackClock "00:34:33"]
[PlyCount "77"]
[WhiteFideId "1270514"]
[BlackFideId "12988502"]
[EventCountry "GER"]
[EventRounds "9"]
[EventType "swiss"]
[EventDate "2018.05.19"]

1. Nf3 {[%clk 1:30:58]} 1... c5 {[%clk 1:29:56]} 2. g3 {[%clk 1:31:21]} 2...
Nf6 {[%clk 1:28:59]} 3. Bg2 {[%clk 1:31:44]} 3... d5 {[%clk 1:27:13]} 4. O-O {
[%clk 1:31:56]} 4... Nc6 {[%clk 1:27:01]} 5. d4 {[%clk 1:32:10]} 5... Bg4 {
[%clk 1:26:08]} 6. Ne5 {[%clk 1:29:05]} 6... Bf5 {[%clk 1:19:37]} 7. Nxc6 {
[%clk 1:24:11]} 7... bxc6 {[%clk 1:20:05]} 8. c4 {[%clk 1:24:26]} 8... e6 {
[%clk 1:18:50]} 9. Nc3 {[%clk 1:24:25]} 9... Bd6 {[%clk 1:09:46]} 10. Qa4 {
[%clk 1:21:46]} 10... Qb6 {[%clk 1:01:41]} 11. dxc5 {[%clk 1:19:02]} 11... Qxc5
{[%clk 1:01:15]} 12. cxd5 {[%clk 1:18:37]} 12... exd5 {[%clk 1:00:10]} 13. Be3
{[%clk 1:18:05]} 13... Qb4 {[%clk 0:56:24]} 14. Qxc6+ {[%clk 1:17:43]} 14...
Ke7 {[%clk 0:56:43]} 15. Bg5 {[%clk 1:16:43]} 15... Be6 {[%clk 0:55:46]} 16.
Bxf6+ {[%clk 1:12:52]} 16... gxf6 {[%clk 0:54:09]} 17. Nxd5+ {[%clk 1:12:54]}
17... Bxd5 {[%clk 0:54:36]} 18. Qxd5 {[%clk 1:13:15]} 18... Rab8 { [%clk
0:53:47]} 19. Rfd1 {[%clk 1:11:28]} 19... Rhd8 {[%clk 0:53:03]} 20. Rd4 { [%clk
1:08:27]} 20... Qxb2 {[%clk 0:51:03]} 21. Rad1 {[%clk 1:08:45]} 21... Rb5
{[%clk 0:44:42]} 22. Qe4+ {[%clk 1:05:23]} 22... Re5 {[%clk 0:44:58]} 23. Qd3 {
[%clk 1:04:04]} 23... Qxe2 {[%clk 0:37:49]} 24. Rxd6 {[%clk 1:02:52]} 24...
Qxd1+ {[%clk 0:37:43]} 25. Qxd1 {[%clk 1:02:56]} 25... Rxd6 {[%clk 0:38:11]}
26. Qb1 {[%clk 1:01:18]} 26... Rb6 {[%clk 0:38:30]} 27. Qc1 {[%clk 1:01:36]}
27... Kd6 {[%clk 0:36:46]} 28. Qa3+ {[%clk 1:00:54]} 28... Rc5 {[%clk 0:35:20]}
29. Qxa7 {[%clk 0:58:59]} 29... Rb1+ {[%clk 0:35:12]} 30. Bf1 {[%clk 0:59:21]}
30... Rcc1 {[%clk 0:35:31]} 31. Kg2 {[%clk 0:58:24]} 31... Rxf1 {[%clk 0:34:45]
} 32. Qa6+ {[%clk 0:58:37]} 32... Kc5 {[%clk 0:34:59]} 33. Qxf1 {[%clk 0:58:38]
} 33... Rxf1 {[%clk 0:33:41]} 34. Kxf1 {[%clk 0:59:05]} 34... Kb4 { [%clk
0:34:06]} 35. Ke2 {[%clk 0:59:15]} 35... Ka3 {[%clk 0:34:34]} 36. Kf3 { [%clk
0:59:36]} 36... Kxa2 {[%clk 0:34:57]} 37. Kf4 {[%clk 0:59:59]} 37... Kb3 {[%clk
0:34:10]} 38. Kf5 {[%clk 1:00:20]} 38... Kc4 {[%clk 0:34:33]} 39. Kxf6 { [%clk
1:00:46]} 1-0

[Event "DEM U18w 2018"]
[Site "Willingen GER"]
[Date "2018.05.22"]
[Round "4"]
[White "Giede, Anna-Blume"]
[Black "Ratay, Meike"]
[Result "1/2-1/2"]
[Termination "normal"]
[Board "10"]
[WhiteElo "1629"]
[BlackElo "1831"]
[WhiteClock "00:05:27"]
[BlackClock "00:26:19"]
[PlyCount "40"]
[WhiteFideId "12921980"]
[BlackFideId "12977608"]
[EventCountry "GER"]
[EventRounds "9"]
[EventType "swiss"]
[EventDate "2018.05.19"]

1. d4 Nf6 2. Nf3 e6 3. e3 b6 4. c4 {[%clk 1:31:36]} 4... Bb7 {[%clk 1:31:22]}
5. Be2 {[%clk 1:30:55]} 5... Be7 {[%clk 1:28:31]} 6. Nc3 {[%clk 1:30:05]} 6...
O-O {[%clk 1:24:34]} 7. O-O {[%clk 1:29:20]} 7... d5 {[%clk 1:21:01]} 8. b3 {
[%clk 1:14:13]} 8... Nbd7 {[%clk 1:13:50]} 9. Bb2 {[%clk 1:06:16]} 9... c5 {
[%clk 1:11:50]} 10. Rc1 {[%clk 0:51:37]} 10... Rc8 {[%clk 1:10:02]} 11. cxd5 {
[%clk 0:38:08]} 11... Nxd5 {[%clk 1:08:04]} 12. Nxd5 {[%clk 0:36:50]} 12...
Bxd5 {[%clk 1:07:49]} 13. Nd2 {[%clk 0:28:10]} 13... Bc6 {[%clk 0:54:10]} 14.
Bf3 {[%clk 0:23:05]} 14... b5 {[%clk 0:47:50]} 15. Bxc6 {[%clk 0:18:18]} 15...
Rxc6 {[%clk 0:48:06]} 16. Ne4 {[%clk 0:14:35]} 16... Qc7 {[%clk 0:44:32]} 17.
dxc5 {[%clk 0:10:11]} 17... Nxc5 {[%clk 0:43:50]} 18. Qg4 {[%clk 0:06:07]}
18... e5 {[%clk 0:38:47]} 19. Nxc5 {[%clk 0:05:36]} 19... Bxc5 {[%clk 0:37:59]}
20. Qe4 {[%clk 0:05:27]} 20... Rc8 {[%clk 0:26:19]} 1/2-1/2